000 00851nam a22002297a 4500
999 _c177559
_d177559
005 20210408142547.0
010 _aB-739273-275 B-739742
020 _a9789389823073
_c595.00
035 _aB-739273-275
035 _aB-739742
037 _bScholastic
037 _bGift
082 _aS
100 _aStilton, Thea
245 _aThe treasure seekers II:
_bcompass of the stars /
_cby Thea Stilton
260 _bScholastic
_aNew York
_c2020
270 _a557 Broadway
_bNew York
_eNY 10012
300 _a314p.:
_c20cm(Hb)
_bill.
942 _2ddc
_cCH
_mSTI
_hS